Missing Word: Movie Mash-Ups Quiz Stats

Quiz Updated Dec 11, 2017

Challenge
Share
Tweet
Embed
Score 0/20 Timer 05:00
0 Plays Today
Song, Film Missing Words/Two Word Film Title % Correct
Since U Been _____
The _____ with the Dragon Tattoo
Gone Girl
94.3%
Another Brick in the _____
21 Jump _____
Wall Street
91.1%
_____ for Your Right
The Breakfast _____
Fight Club
88.8%
Cold As _____
The _____ of Innocence
Ice Age
87.6%
Little _____ Corvette
A _____ Runs Through It
Red River
87.4%
_____ Idiot
_____ and the Beast
American Beauty
81.9%
Sweet _____ Alabama
_____ in the Dark
Home Alone
69.5%
Like _____ Soldiers
West Side _____
Toy Story
69.4%
_____ Oddity
____ & Aliens
Space Cowboys
66.1%
_____ Train to Georgia
Chicken _____
Midnight Run
66.1%
Song, Film Missing Words/Two Word Film Title % Correct
Beautiful, _____, Rich
When _____ Met Sally...
Dirty Harry
63.3%
My _____ Lung
The _____ Who Knew Too Much
Iron Man
47.3%
It's So _____
Ghost _____
Easy Rider
40.3%
_____ Planes
The Twilight Saga: New _____
Paper Moon
39.1%
Love on _____
The Man with the Golden _____
Top Gun
36.9%
The Ballad of _____ and Yoko
Get _____
John Carter
33.3%
First _____
_____ of the Living Dead
Date Night
32.7%
_____ No Shadow
_____ We Go
Cast Away
28.9%
Behind _____ Eyes
_____ Goldmine
Blue Velvet
25.2%
I'm Your _____ Man
My Blueberry _____
Boogie Nights
20.7%

Today's Daily Dose

Missing Word
1998 A-Z Movies

Word Ladder
5 Vowel Sounds

Quick Pick
Legal Terms

On This Day
June 25th II

You're not logged in!

Compare scores with friends on all Sporcle quizzes.
Join for Free
OR
Log In

You Might Also Like...

Show Comments

Extras

Top Quizzes Today


Score Distribution

Your Account Isn't Verified!

In order to create a playlist on Sporcle, you need to verify the email address you used during registration. Go to your Sporcle Settings to finish the process.

Report this User

Report this user for behavior that violates our Community Guidelines.

Details: